<?xml version="1.0" encoding="UTF-8"?>
<record
    xmlns:xsi="http://www.w3.org/2001/XMLSchema-instance"
    xsi:schemaLocation="http://www.loc.gov/MARC21/slim http://www.loc.gov/standards/marcxml/schema/MARC21slim.xsd"
    xmlns="http://www.loc.gov/MARC21/slim">

  <leader>01443nam a22002177a 4500</leader>
  <controlfield tag="008">170208s2016        cr||||| |||| 00| 0 spa d</controlfield>
  <datafield tag="082" ind1="0" ind2="4">
    <subfield code="a">701.18</subfield>
    <subfield code="b">F634t</subfield>
  </datafield>
  <datafield tag="100" ind1="1" ind2=" ">
    <subfield code="a">Flores Mar&#xED;n, Adri&#xE1;n.</subfield>
    <subfield code="9">5727</subfield>
  </datafield>
  <datafield tag="245" ind1="1" ind2="0">
    <subfield code="a">Texto sobre papel /</subfield>
    <subfield code="c">Adri&#xE1;n Flores Sancho.</subfield>
  </datafield>
  <datafield tag="250" ind1=" " ind2=" ">
    <subfield code="a">1a ed.</subfield>
  </datafield>
  <datafield tag="260" ind1=" " ind2=" ">
    <subfield code="a">San Jos&#xE9;, Costa Rica :</subfield>
    <subfield code="b">Ediciones 1390,</subfield>
    <subfield code="c">2016.</subfield>
  </datafield>
  <datafield tag="300" ind1=" " ind2=" ">
    <subfield code="a">138 p.</subfield>
  </datafield>
  <datafield tag="500" ind1=" " ind2=" ">
    <subfield code="a">Esta publicaci&#xF3;n se termin&#xF3; de imprimir en mayo de 2016, como parte del programa Alter Academia de Fundaci&#xF3;n Teor/&#xE9;tica. Como primera edici&#xF3;n cuenta con 36 ejemplares, producidos bajo la supervisi&#xF3;n de Adri&#xE1;n Flores Sancho.</subfield>
  </datafield>
  <datafield tag="505" ind1="0" ind2=" ">
    <subfield code="t">Apolog&#xED;a del Handwriting</subfield>
    <subfield code="t">Sobre la firma</subfield>
    <subfield code="t">Breve nota sobre el grabado</subfield>
    <subfield code="t">P/A. O la diferencia entre la prueba y el error</subfield>
    <subfield code="t">Declaraci&#xF3;n de principios</subfield>
    <subfield code="t">Contra la tendencia</subfield>
    <subfield code="t">Lema 1</subfield>
    <subfield code="t">Producir conocimiento no productos</subfield>
    <subfield code="t">El arte, como todo, no es un fin en s&#xED; mismo</subfield>
    <subfield code="t">La intencionalidad como &#xE9;tica del arte</subfield>
    <subfield code="t">Estrategias de mediaci&#xF3;n</subfield>
    <subfield code="t">Sobre la sintaxis </subfield>
    <subfield code="t">Sobre el tiempo</subfield>
    <subfield code="t">De las exposiciones colectivas</subfield>
    <subfield code="t">Contra la exposici&#xF3;n</subfield>
    <subfield code="t">De que hablamos cuando hablamos de un estudio</subfield>
    <subfield code="t">Lo espont&#xE1;neo informado</subfield>
    <subfield code="t">El arte fuera del estudio</subfield>
    <subfield code="t">Punto de vista</subfield>
    <subfield code="t">Lema 2</subfield>
    <subfield code="t">NN</subfield>
    <subfield code="t">Erratas</subfield>
    <subfield code="t">Espacio como relaci&#xF3;n</subfield>
    <subfield code="t">Imponer y componer</subfield>
  </datafield>
  <datafield tag="653" ind1="1" ind2="0">
    <subfield code="a">Arte contempor&#xE1;neo</subfield>
  </datafield>
  <datafield tag="653" ind1="1" ind2="0">
    <subfield code="a">Arte - Cr&#xED;tica y apreciaci&#xF3;n</subfield>
  </datafield>
  <datafield tag="653" ind1="1" ind2="0">
    <subfield code="a">Filosof&#xED;a del arte </subfield>
  </datafield>
  <datafield tag="653" ind1="1" ind2="0">
    <subfield code="a">Arte - Est&#xE9;tica</subfield>
  </datafield>
  <datafield tag="653" ind1="1" ind2="0">
    <subfield code="a">Arte - Ensayos</subfield>
  </datafield>
  <datafield tag="653" ind1="1" ind2="0">
    <subfield code="a">Artistas costarricenses</subfield>
  </datafield>
  <datafield tag="999" ind1=" " ind2=" ">
    <subfield code="c">1141</subfield>
    <subfield code="d">1141</subfield>
  </datafield>
  <datafield tag="952" ind1=" " ind2=" ">
    <subfield code="0">0</subfield>
    <subfield code="1">0</subfield>
    <subfield code="2">ddc</subfield>
    <subfield code="4">0</subfield>
    <subfield code="7">0</subfield>
    <subfield code="a">LV</subfield>
    <subfield code="b">LV</subfield>
    <subfield code="c">Monograf&#xED;as</subfield>
    <subfield code="d">2017-02-08</subfield>
    <subfield code="l">0</subfield>
    <subfield code="o">701.18 F634t</subfield>
    <subfield code="p">004288</subfield>
    <subfield code="r">2017-02-08 00:00:00</subfield>
    <subfield code="w">2017-02-08</subfield>
    <subfield code="y">01</subfield>
  </datafield>
</record>
